Missing Word: Finance Movies Quiz Stats

 Plays Quiz Updated Aug 5, 2016

Challenge
Share
Tweet
Embed
Score 0/20 Timer 02:00
0 Plays Today
Movie-Documentary Title Missing Word % Correct
The ___ of Wall StreetWolf
96.5%
Wall Street: Money Never ___Sleeps
78%
___ PlacesTrading
73.8%
Boiler ___Room
73.2%
Up in the ___Air
70.7%
Too Big to ___Fail
64.7%
Other ___ MoneyPeople's
63.6%
The Big ___Short
58.9%
The Last Days of ___ BrothersLehman
32.9%
___: The Smartest Guys in the RoomEnron
26.5%
Movie-Documentary Title Missing Word % Correct
___ CallMargin
24.5%
___ Dollar BetTrillion
19.3%
Inside ___Job
18.8%
___ at the GateBarbarians
14.5%
___: A Love StoryCapitalism
9%
___ TraderRogue
7.9%
The Queen of ___Versailles
5.9%
The ___ MenCompany
4%
Chasing ___Madoff
3.1%
___ OutMaxed
1.8%

Today's Daily Dose

Missing Word
Britpop Albums

Word Ladder
Sing It!

On This Day
December 14th II

You're not logged in!

Compare scores with friends on all Sporcle quizzes.
OR
Log In

You Might Also Like...

Show Comments

Extras

Top Quizzes Today


Score Distribution

Your Account Isn't Verified!

In order to create a playlist on Sporcle, you need to verify the email address you used during registration. Go to your Sporcle Settings to finish the process.

Report this User

Report this user for behavior that violates our Community Guidelines.

Details: